| 000 | 00702nam a2200241 i 4500 | ||
|---|---|---|---|
| 001 | bg | ||
| 100 | 1 | _aStankiewicz, Włodzimierz. | |
| 245 | 1 | 0 |
_aZadania z matematyki dla wyższych uczelni technicznych. _nCz. B / _cW. Stankiewicz. |
| 250 | _aWyd. 10. | ||
| 260 |
_aWarszawa : _bWydawnictwo Naukowe PWN, _c1999. |
||
| 300 |
_aS. [4], 275-738 : _brys., wykr. ; _c24 cm. |
||
| 650 | 4 | _aMatematyka | |
| 655 | _aĆwiczenia i zadania dla szkół wyższych | ||
| 015 | _aPB 5633/99 | ||
| 020 | _a8301006609 (cz. AB) | ||
| 040 | _cBPK | ||
| 041 | 0 | _apol | |
| 080 | _a51 | ||
| 080 | _a(075.8+076) | ||
| 920 | _a83-01-00660-9 (cz. A-B) | ||
| 942 | _cKS | ||
| 008 | s pl f |000 0 pol | ||
| 999 |
_c51309 _d51309 |
||
| 856 |
_uhttp://koha.tu.koszalin.pl/cgi-bin/koha/opac-detail.pl?biblionumber=51309 _yKatalog online BPK |
||